00878nam a22002411a 4500001000800000005001700008008004100025020002000066035002300086035001700109040002500126100002000151245010500171260006700276300002700343490003600370504003000406630003100436650003700467650003700504700002200541810007300563772779920140103020002.0780830s1977 caua 000 0 eng d a08307047792.95 a(OCoLC)ocm04179511 a(JUDdb)39457 aCBCcCBCdJANdJUDdb1 aHarrell, Donna.10aCreative Bible learning for young children, birth - 5 years /cby Donna Harrell and Wesley Haystead. aGlendale, Calif. :bInternational Center for Learning,cc1977. a190 p. : ill. ; 20 cm.1 aICL teacher's/leader's handbook aBibliography: p. 185-186.00aBiblexstudy and teaching. 0aChristian education of children. 0aReligious education of children.1 aHaystead, Wesley.2 aInternational Center for Learning.tICL teacher's/leader's handbook.